000
00190 a2200097 4500
020
_a
9780957295278
041
_a
eng
100
_a
Luke Temple
245
_a
The GHost lord returns
942
_c
K
999
_c
26733
_d
26733